000
00238nam a2200109Ia 4500
005
20251222142000.0
008
251222s9999||||xx |||||||||||||| ||spa||
082
_a
264.2/C72/2002
245
0
_a
Dominus Jesús:
264
_b
CEP
942
_c
LIB
999
_c
9979
_d
9979